[Event "Amber-blind 12th"]
[Site "Monte Carlo"]
[Date "2003.03.16"]
[Round "2"]
[White "Ljubojevic, Ljubomir"]
[Black "Gelfand, Boris"]
[Result "1/2-1/2"]
[WhiteElo "2570"]
[BlackElo "2700"]
[PlyCount "114"]
[EventDate "2003.03.15"]
[Source "ChessBase"]
[SourceDate "2003.05.09"]

1. d4 d5 2. Nf3 Nf6 3. c4 c6 4. Nc3 dxc4 5. a4 Bf5 6. e3 e6 7. Bxc4 Bb4 8. O-O Nbd7 9. Qe2 Bg6 10. Rd1 O-O 11. h3 Qa5 12. Bd2 e5 13. Nh4 exd4 14. Nxg6 hxg6 15. exd4 Nb6 16. Bb3 Rad8 17. Qe5 Nbd5 18. Nxd5 Nxd5 19. Bg5 Rde8 20. Qg3 Re2 21. Rab1 Be1 22. Qf3 Rxf2 23. Qe4 Rf5 24. h4 Bg3 25. Rf1 Qb4 26. Bxd5 cxd5 27. Qd3 Rxf1+ 28. Rxf1 Bc7 29. b3 Bb6 30. Kh1 Qxd4 31. Qxd4 Bxd4 32. Rd1 Bf2 33. Rd2 f6 34. Bf4 Bxh4 35. g3 g5 36. Bd6 Rd8 37. Bc7 Rd7 38. Bb8 a6 39. Kg2 Kf7 40. Kh3 Rd8 41. Ba7 Bxg3 42. Kxg3 Kg6 43. Bd4 Re8 44. Bc5 Re5 45. Kf3 Kf7 46. Bd6 Rf5+ 47. Kg4 Kg6 48. Rd1 Rf2 49. Rxd5 f5+ 50. Kg3 Rb2 51. Rd3 f4+ 52. Kf3 Kf5 53. Rd5+ Ke6 54. Rd3 Rh2 55. Ke4 Re2+ 56. Kf3 Rh2 57. Ke4 Re2+ 1/2-1/2

[Event "Liepaja rap"]
[Site "Liepaja"]
[Date "2001.08.02"]
[Round "2"]
[White "Fridman, Daniel"]
[Black "Shirov, Alexei"]
[Result "0-1"]
[WhiteElo "2562"]
[BlackElo "2706"]
[PlyCount "51"]
[EventDate "2001.08.02"]
[Source "ChessBase"]
[SourceDate "2001.11.13"]

1. d4 d5 2. Nf3 Nf6 3. c4 c6 4. Nc3 dxc4 5. a4 Bf5 6. e3 e6 7. Bxc4 Nbd7 8. O-O Bb4 9. h3 O-O 10. Qe2 Bg6 11. Nh4 Qe7 12. Nxg6 hxg6 13. Rd1 Rad8 14. Qc2 c5 15. Na2 cxd4 16. Qb3 Bd6 17. Rxd4 Nc5 18. Qc2 Rc8 19. Nc3 Be5 20. Rd1 a6 21. Bd2 g5 22. Be2 Nce4 23. Qb3 Nxd2 24. Rxd2 Bxc3 25. bxc3 Ne4 26. Rd4 0-1

[Event "EUCup final 15th"]
[Site "Bugojno"]
[Date "1999.10.30"]
[Round "2"]
[White "Vaganian, Rafael A"]
[Black "Sakaev, Konstantin"]
[Result "1-0"]
[WhiteElo "2617"]
[BlackElo "2648"]
[PlyCount "121"]
[EventDate "1999.10.29"]
[Source "ChessBase"]
[SourceDate "2000.02.01"]

1. Nf3 d5 2. d4 Nf6 3. c4 c6 4. Nc3 dxc4 5. a4 Bf5 6. e3 e6 7. Bxc4 Bb4 8. O-O O-O 9. Qb3 Qb6 10. Nh4 Bg6 11. Nxg6 hxg6 12. Rd1 Nbd7 13. g3 Rad8 14. Bf1 e5 15. Bg2 Rfe8 16. Na2 Bd6 17. Qxb6 Nxb6 18. a5 Nbd5 19. a6 bxa6 20. Nc3 Nb4 21. Kf1 exd4 22. exd4 c5 23. dxc5 Bxc5 24. Rxd8 Rxd8 25. Bg5 Re8 26. Rd1 Ng4 27. Ne4 Bf8 28. h3 Ne5 29. Rd8 Rxd8 30. Bxd8 Ned3 31. b3 Nc1 32. Nd2 Bc5 33. Bb7 Kf8 34. h4 Bb6 35. Bg5 Ncd3 36. Ke2 Nxf2 37. Nc4 Nfd3 38. Nxb6 axb6 39. Bxa6 Nxa6 40. Kxd3 Ke8 41. Kc4 Kd7 42. Kb5 Nc5 43. b4 Nd3 44. Be3 f5 45. Bxb6 f4 46. gxf4 Nxf4 47. Ka6 Ne6 48. Be3 Nc7+ 49. Kb7 Nb5 50. Kb6 Nd6 51. Bf4 Nf5 52. b5 Nd4 53. Be3 Nf5 54. Bc5 Nxh4 55. Ka6 Nf3 56. b6 Ne5 57. b7 Nc6 58. Bf2 Nb8+ 59. Ka7 Nc6+ 60. Kb6 Kd6 61. Bg3+ 1-0

[Event "SLO-chT"]
[Site "Celje"]
[Date "2004.11.29"]
[Round "1"]
[White "Beliavsky, Alexander G"]
[Black "Ribli, Zoltan"]
[Result "1-0"]
[WhiteElo "2660"]
[BlackElo "2603"]
[PlyCount "71"]
[EventDate "2004.11.29"]
[Source "Roberto Alvarez"]
[SourceDate "2004.12.06"]

1. d4 d5 2. c4 c6 3. Nf3 Nf6 4. Nc3 dxc4 5. a4 Bf5 6. e3 e6 7. Bxc4 Bb4 8. Qb3 a5 9. O-O Nbd7 10. Na2 Be7 11. Nh4 Bg6 12. Nc3 Qb6 13. Nxg6 hxg6 14. Qc2 O-O 15. Rd1 Rac8 16. b3 Rfd8 17. Bb2 Nd5 18. e4 Nb4 19. Qe2 e5 20. d5 Nf6 21. dxc6 bxc6 22. Rxd8+ Rxd8 23. Rd1 Bc5 24. Rxd8+ Qxd8 25. g3 Qd6 26. Bc1 Ba7 27. Bd2 Nc2 28. Nb1 Nb4 29. Kg2 Bc5 30. Bc3 Bd4 31. Be1 Bc5 32. Nd2 Qd4 33. Nf3 Qxe4 34. Qxe4 Nxe4 35. Nxe5 Nd6 36. Be2 1-0

[Event "Muenchen"]
[Site "?"]
[Date "1994.??.??"]
[Round "?"]
[White "Huebner, R."]
[Black "Beliavsky, A."]
[Result "1-0"]
[WhiteElo "2610"]
[BlackElo "2650"]
[PlyCount "113"]
[EventDate "1994.??.??"]
[Source "ChessBase"]
[SourceDate "1994.02.01"]

1. d4 d5 2. c4 c6 3. Nc3 Nf6 4. Nf3 dxc4 5. a4 Bf5 6. e3 e6 7. Bxc4 Bb4 8. O-O Nbd7 9. Qe2 Bg6 10. e4 Bxc3 11. bxc3 Nxe4 12. Ba3 Qc7 13. Rfe1 Nxc3 14. Qb2 Ne4 15. a5 Ndf6 16. Ne5 a6 17. Rac1 Rd8 18. Bxa6 bxa6 19. Nxc6 Ng4 20. Ne5 Qxa5 21. Nxg4 Qb5 22. Qc2 Nd6 23. Qc7 Rd7 24. Qc3 O-O 25. Ne5 Rdd8 26. Qc6 Qxc6 27. Rxc6 Nb5 28. Bxf8 Kxf8 29. Rxa6 Nxd4 30. f3 f6 31. Nxg6+ hxg6 32. f4 Rd5 33. Re4 g5 34. Ra4 e5 35. fxe5 fxe5 36. Ra7 Kg8 37. Re7 Nc6 38. Re6 Rc5 39. Rg6 Kf7 40. Rxg5 g6 41. h4 Kf6 42. Kh2 Ne7 43. Ra4 Rc6 44. Rg3 Nf5 45. Rf3 Kg7 46. Re4 Re6 47. h5 Ne7 48. hxg6 Nxg6 49. Kh3 Ne7 50. Kg3 Ng6 51. Rf5 Re7 52. Kg4 Ra7 53. Kg5 Nh8 54. Rg4 Nf7+ 55. Kh5+ Kf8 56. Kg6 Ke8 57. Rh4 1-0

[Event "Istanbul ol (Men)"]
[Site "Istanbul"]
[Date "2000.11.06"]
[Round "9"]
[White "Piket, Jeroen"]
[Black "Sokolov, Ivan"]
[Result "1/2-1/2"]
[WhiteElo "2649"]
[BlackElo "2611"]
[PlyCount "24"]
[EventDate "2000.10.??"]
[Source "www.chesslib.no"]
[SourceDate "2004.05.04"]

1. d4 d5 2. c4 c6 3. Nc3 Nf6 4. Nf3 dxc4 5. a4 Bf5 6. e3 e6 7. Bxc4 Bb4 8. O-O O-O 9. Qc2 Ne4 10. Nxe4 Bxe4 11. Bd3 Bxd3 12. Qxd3 Nd7 1/2-1/2

[Event "Elenite"]
[Site "Elenite"]
[Date "1994.??.??"]
[Round "1"]
[White "Khalifman, Alexander"]
[Black "Georgiev, Kiril"]
[Result "1/2-1/2"]
[WhiteElo "2645"]
[BlackElo "2615"]
[PlyCount "43"]
[EventDate "1994.??.??"]
[Source "ChessBase"]

1. d4 d5 2. Nf3 Nf6 3. c4 dxc4 4. Nc3 c6 5. a4 Bf5 6. e3 e6 7. Bxc4 Bb4 8. O-O Nbd7 9. Qe2 Bg4 10. Rd1 Qa5 11. e4 Qh5 12. h3 Bxf3 13. Qxf3 Qxf3 14. gxf3 O-O 15. a5 a6 16. Be2 Rfd8 17. Ra4 Be7 18. f4 Ne8 19. Be3 Rac8 20. Bf3 Nd6 21. Be2 g6 22. Raa1 1/2-1/2

[Event "Barcelona"]
[Site "?"]
[Date "1989.??.??"]
[Round "?"]
[White "Yusupov, A."]
[Black "Speelman, J."]
[Result "1/2-1/2"]
[WhiteElo "2610"]
[BlackElo "2640"]
[PlyCount "121"]
[EventDate "1989.??.??"]
[Source "ChessBase"]
[SourceDate "1989.01.01"]

1. d4 d5 2. Nf3 Nf6 3. c4 dxc4 4. Nc3 c6 5. a4 Bf5 6. e3 e6 7. Bxc4 Bb4 8. O-O Nbd7 9. Nh4 Bg6 10. Qb3 a5 11. g3 Bh5 12. f3 O-O 13. e4 Nb6 14. Be3 Nxc4 15. Qxc4 Ne8 16. Ng2 Nd6 17. Qb3 b5 18. Na2 Nc4 19. axb5 cxb5 20. Nxb4 axb4 21. Rxa8 Qxa8 22. Qxb4 Qd8 23. Qc3 f6 24. Nf4 Bf7 25. Bf2 e5 26. Nd3 exd4 27. Bxd4 Nd2 28. Rf2 Nb3 29. Be3 Bc4 30. Nc1 Qd1+ 31. Kg2 Nxc1 32. Qxc1 Rd8 33. Qxd1 Rxd1 34. Bd2 Kf7 35. g4 g6 36. h4 Ke6 37. Bc3 h5 38. gxh5 gxh5 39. Kg3 Rg1+ 40. Kf4 Rh1 41. Rd2 Rxh4+ 42. Kg3 Rh1 43. Rd8 h4+ 44. Kf4 Be2 45. Ke3 Bd1 46. Rf8 h3 47. Rxf6+ Ke7 48. Rh6 Kf7 49. Kf2 b4 50. Be5 b3 51. Bc3 Rh2+ 52. Kg3 Rh1 53. f4 Rg1+ 54. Kh2 Rf1 55. f5 Bc2 56. Rh7+ Kg8 57. Rh8+ Kf7 58. Rh7+ Kg8 59. Rh4 Rf2+ 60. Kg3 Re2 61. Rh8+ 1/2-1/2

[Event "Dortmund"]
[Site "Dortmund"]
[Date "1992.??.??"]
[Round "8"]
[White "Huebner, Robert"]
[Black "Bareev, Evgeny"]
[Result "1/2-1/2"]
[WhiteElo "2615"]
[BlackElo "2635"]
[PlyCount "31"]
[EventDate "1992.04.??"]
[Source "ChessBase"]

1. d4 d5 2. c4 c6 3. Nc3 Nf6 4. Nf3 dxc4 5. a4 Bf5 6. e3 e6 7. Bxc4 Bb4 8. O-O Nbd7 9. Nh4 Bg6 10. Qb3 a5 11. Na2 Be7 12. Qxb7 Rb8 13. Qa6 Ra8 14. Qb7 Rb8 15. Qa6 Ra8 16. Qb7 1/2-1/2

[Event "57th ch-RUS Qualifier"]
[Site "St Petersburg"]
[Date "2004.05.30"]
[Round "9"]
[White "Sakaev, Konstantin"]
[Black "Yevseev, Denis"]
[Result "1-0"]
[WhiteElo "2665"]
[BlackElo "2580"]
[PlyCount "63"]
[EventDate "2004.05.01"]
[Source "Roberto Alvarez"]
[SourceDate "2004.05.31"]

1. d4 d5 2. c4 c6 3. Nf3 Nf6 4. Nc3 dxc4 5. a4 Bf5 6. e3 e6 7. Bxc4 Bb4 8. O-O Nbd7 9. Nh4 Bg6 10. g3 a5 11. Qe2 Bh5 12. f3 O-O 13. Rd1 Nd5 14. Na2 Be7 15. Ng2 f5 16. Nf4 Bf7 17. e4 fxe4 18. fxe4 Nxf4 19. Bxf4 e5 20. dxe5 Bc5+ 21. Kh1 Qe7 22. e6 Bxe6 23. Bxe6+ Qxe6 24. Rxd7 Qxd7 25. Qc4+ Rf7 26. Qxc5 h6 27. Nc3 g5 28. Bd6 Qg4 29. e5 h5 30. Qe3 Re8 31. Ne4 Rf5 32. Kg2 1-0